Thảm án các công thần khai quốc đời Lê

Kaydedildi:
Detaylı Bibliyografya
Yazar: Đinh Công Vĩ
Materyal Türü: Kitap
Dil:Vietnamese
Baskı/Yayın Bilgisi: Đà Nẵng Nxb Đà Nẵng 2005
Edisyon:Tái bản có sửa chữa, bổ sung
Konular:
Etiketler: Etiketle
Etiket eklenmemiş, İlk siz ekleyin!
Thư viện lưu trữ: Mạng thư viện Đại học Đà Nẵng
LEADER 01175nam a22003618a 4500
001 000009822
003 6020
005 20111110161106.0
008 111103s2005 b 000 0 vieod
020 |c 48000đ  |d 1000b 
041 0 |a vie 
082 |a 895.9223  |b ĐI-V 
084 |a V6(1)7-44 
100 1 |a Đinh Công Vĩ 
245 1 0 |a Thảm án các công thần khai quốc đời Lê  |c Đinh Công Vĩ 
250 |a Tái bản có sửa chữa, bổ sung 
260 |a Đà Nẵng  |b Nxb Đà Nẵng  |c 2005 
300 |a 402 tr  |c 19cm 
653 |a Văn học hiện đại 
653 |a Việt Nam 
653 |a truyện lịch sử 
653 |a lịch sử 
910 |a Nguyễn Thị Kim Oanh  |d 3/11/2011 
OWN |a LSP 
AVA |a UDN50  |b LSP  |d 895.9223 ĐI-V  |e check_holdings  |t Error 5003 Not defined in file expand_doc_bib_avail.  |h N  |k 1 
999 |a From the UDN01 
AVA |a UDN50  |b LSP  |d 895.9223 ĐI-V  |e available  |t Error 5001 Not defined in file expand_doc_bib_avail.  |f 15  |g 0  |h N  |i 0  |k 1 
TYP |a Monograph 
TYP |a Printed language 
980 |a Mạng thư viện Đại học Đà Nẵng